An introduction to the principles of disease /

Bibliographic Details
Main Author: Walter, J. B. (John Brian)
Corporate Author: ScienceDirect (Online service)
Format: eBook
Language:English
Published: Philadelphia : Saunders, 1982.
Edition:2nd ed.
Subjects:
Online Access:Connect to the full text of this electronic book

MARC

Tag First Indicator Second Indicator Subfields
LEADER 00000cam a2200000 a 4500
001 in00005747310
005 20260326185027.9
006 m o d
007 cr bn||||||ada
008 101222s1982 paua ob 001 0 eng d
010 |z  81048329  
040 |a OCLCE  |b eng  |e pn  |c OCLCE  |d OCLCQ  |d OCLCO  |d UIU  |d OCLCF  |d OCLCQ  |d OCLCO  |d OCLCA  |d INARC  |d UKAHL  |d UAB  |d OCLCQ  |d OCLCO  |d OCLCQ  |d OCLCO  |d OCLCL  |d COA  |d OCLCL  |d OCLCQ 
016 7 |a 8201294  |2 DNLM 
019 |a 974615215  |a 974670361  |a 1035758324  |a 1100948833  |a 1150000061  |a 1153497636  |a 1155070793  |a 1340065686  |a 1424822270 
020 |a 9781483293707  |q (e-book) 
020 |a 148329370X 
020 |z 0721691218  |q (pbk.) 
020 |z 9780721691213  |q (pbk.) 
024 8 |a (WaSeSS)ssj0001047146 
035 |a (OCoLC)694112565  |z (OCoLC)974615215  |z (OCoLC)974670361  |z (OCoLC)1035758324  |z (OCoLC)1100948833  |z (OCoLC)1150000061  |z (OCoLC)1153497636  |z (OCoLC)1155070793  |z (OCoLC)1340065686  |z (OCoLC)1424822270 
042 |a dlr 
050 4 |a RB111  |b .W15 1982 
060 4 |a QZ 4  |b W232i 1982 
082 0 4 |a 616.07  |2 19 
049 |a TXAM 
100 1 |a Walter, J. B.  |q (John Brian)  |1 https://id.oclc.org/worldcat/entity/E39PCjFvFDyybmbkwQCrw7vKBd 
245 1 3 |a An introduction to the principles of disease /  |c John B. Walter. 
246 3 |a Principles of disease 
250 |a 2nd ed. 
260 |a Philadelphia :  |b Saunders,  |c 1982. 
300 |a 1 online resource (x, 672 pages) :  |b illustrations 
336 |a text  |b txt  |2 rdacontent 
337 |a computer  |b c  |2 rdamedia 
338 |a online resource  |b cr  |2 rdacarrier 
347 |a text file  |2 rdaft  |0 http://rdaregistry.info/termList/fileType/1002. 
504 |a Includes bibliographical references and index. 
538 |a Master and use copy. Digital master created according to Benchmark for Faithful Digital Reproductions of Monographs and Serials, Version 1. Digital Library Federation, December 2002.  |u http://purl.oclc.org/DLF/benchrepro0212  |5 MiAaHDL 
583 1 |a digitized  |c 2010  |h HathiTrust Digital Library  |l committed to preserve  |2 pda  |5 MiAaHDL 
588 0 |a Print version record. 
650 0 |a Pathology. 
650 2 |a Pathology 
650 6 |a Pathologie. 
650 7 |a pathology.  |2 aat 
650 7 |a Pathology  |2 fast 
655 7 |a Electronic books.  |2 local 
710 2 |a ScienceDirect (Online service) 
758 |i has work:  |a An introduction to the principles of disease (Text)  |1 https://id.oclc.org/worldcat/entity/E39PCG7pfMgTT7HMJFDkYQ8grq  |4 https://id.oclc.org/worldcat/ontology/hasWork 
776 0 8 |i Print version:  |a Walter, J.B. (John Brian).  |t Introduction to the principles of disease.  |b 2nd ed.  |d Philadelphia : Saunders, 1982  |w (DLC) 81048329  |w (OCoLC)8194822 
856 4 0 |u http://proxy.library.tamu.edu/login?url=https://www.sciencedirect.com/science/book/9780721691213  |z Connect to the full text of this electronic book  |t 0 
955 |a Elsevier ScienceDirect 2026-2027 
994 |a 92  |b TXA 
999 f f |i 7305606b-c9c0-47b0-9821-b7619a627c1e  |s 16e64fa1-d3aa-4827-b6f8-9d02087f109e  |t 0 
952 f f |a Texas A&M University  |b College Station  |c Electronic Resources  |s www_evans  |d Available Online  |t 0  |e RB111 .W15 1982  |h Library of Congress classification 
998 f f |a RB111 .W15 1982  |t 0  |l Available Online